El valle de los Cocuyos

Saved in:
Bibliografiske detaljer
Hovedforfatter: Díaz Ortiz, Gloria Cecilia (Author)
Format: Bog
Sprog:spansk
Udgivet: Madrid SM 1986
Serier:El Barco de Vapor. Serie Roja, 31
Fag:
Tags: Tilføj Tag
Ingen Tags, Vær først til at tagge denne postø!

MARC

LEADER 00000nam a2200000 a 4500
001 UCH8126
003 CL-VaPUC
008 091127e19860000SP |||||||||||||||||spa|d
020 |a 8434819392 
082 0 4 |a Co863  |b DIA  |2 21 
100 0 |a Díaz Ortiz, Gloria Cecilia  |e author  |9 544568 
245 1 3 |a El valle de los Cocuyos 
300 |a 123 p 
942 |c BK 
945 |d 20091127 00:00:00  |a lazolas 
260 |a Madrid  |b SM  |c 1986 
500 |a Lectura a partir de los 12 años 
650 0 |a Novelas colombianas  |9 266734 
650 0 |a Literatura colombiana   |9 315578 
583 |a last modification  |c 20091127 00:00:00  |k Rodrigo Vera 
490 0 |a El Barco de Vapor. Serie Roja, 31 
999 |c 338368  |d 338366